00658nam a2200241 a 4500001001300000003000900013005001700022008004100039020000800080082001300088100001900101245004400120260004300164300000900207500003500216505001200251650001300263700001900276902000800295942000700303952009100310999001500401nice12345678IN_TiNIC20260116011524.0050524s1899 newa grp 000 0 eng  ac000a266bELL aEllinwood, F F aQuestions and Phases of Modern Missions aNew YorkbDodd, Mead and Companyc1899 a282p aincludes index and biblioraphy2 aIndexes aMissions1 aEllinwood, F F bSRS cBK 00104070aHMIbHMId2005-05-24g0.00l0o266 ELLp1330r2005-05-24w2026-01-16yARB c2276d2276